Statistics for Stray Kids Members by Picture

Click here to take the quiz!

General Stats

  • This quiz has been taken 337 times
  • The average score is 8 of 8

Answer Stats

Answer% Correct
Felix
99%
Bang Chan
98%
Han
97%
I.N
97%
Lee Know
97%
Changbin
96%
Hyunjin
96%
Seungmin
95%

Score Distribution

Percentile by Number Answered

Percent of People with Each Score

Your Score History

You have not taken this quiz